| 000 | 00601nam a22001577a 4500 | ||
|---|---|---|---|
| 005 | 20260512104234.0 | ||
| 008 | 260512b |||||||| |||| 00| 0 eng d | ||
| 050 |
_aTHE LB 2825 .K4 M33 2025 _bC.1 |
||
| 100 | _aMagara, Dorothy Kwamboka | ||
| 245 | _aA Morphophonemic Analysis of Dholuo Loanwords in Ekegusii | ||
| 260 |
_aKisii _bKisii University _c2025 |
||
| 300 | _axvii, 106p.:ill. | ||
| 500 | _aIncludes bibliographical references | ||
| 650 | _a1. Loanwords - Kenya - Case studies. 2. Morphophonemics - Kenya - Ekegusii language. 3. Dholuo language - Influence on Ekegusii. | ||
| 942 |
_2lcc _cREF |
||
| 999 |
_c217109 _d217109 |
||